000 00961nam a2200253 a 4500
001 65099
003 BD-RjUL
005 20211209081403.0
008 170227s2008 b ||||| |||| 00| 0 eng d
020 _a9843000022976
035 _a(BD-RjUL)65229
040 _aBD-RjUL
_bben
_cBD-RjUL
_dBD-RjUL
041 _aben
082 _223
_a370.92
_bMOM 2008
245 _aমহম্মদ আবুবকর স্মারকগ্রন্হ /
_cএম এ সাইদ; মোহাম্মদ আলী খান
260 _aঢাকা :
_bআগন্তক,
_c২০০৮
300 _a১৯২ পৃ. :
_bচিত্র, ;
_c২৪ সেমি,
600 _aআবুবকর, মহম্মদ
_9186143
600 _aAbubakar Mohammed
_9192853
650 _2শিক্ষাবিদ
_zBiography
_9188157
700 _aসাইদ;এম এ
_9179310
700 _aআলী খান মোহাম্মদ
_9192848
942 _2ddc
_cBK
999 _c65099
_d65099